000 00562nam a22001697a 4500
008 230609b |||||||| |||| 00| 0 eng d
020 _a90-277-1124-0
040 _aNational Science Library
_cNational Science Library
080 _a621.039.633(082.2)
_bM0
245 _aHydrogen as an energy vector
_c/Proceeding of the international seminar held in brussels 12-14 February 1980
260 _aDordrecht:
_bD Reidel Publishing Company,
_c1980
300 _a703p.
650 _aSeminar
653 _aHydrogen
700 _aStrub, A A (Ed.)
942 _2udc
_cPR
999 _c41850
_d41850